Internship report on general banking and customer satisfaction of Agrani Bank Limited / (Record no. 14103)
[ view plain ]
| 000 -LEADER | |
|---|---|
| fixed length control field | 01088nam a22002537a 4500 |
| 003 - CONTROL NUMBER IDENTIFIER | |
| control field | BD-DhSAU |
| 005 - DATE AND TIME OF LATEST TRANSACTION | |
| control field | 20181202155830.0 |
| 008 - FIXED-LENGTH DATA ELEMENTS--GENERAL INFORMATION | |
| fixed length control field | 160823b2016 bg ||||| |||| 001 0 eng d |
| 040 ## - CATALOGING SOURCE | |
| Original cataloging agency | BD-DhSAU |
| 082 ## - DEWEY DECIMAL CLASSIFICATION NUMBER | |
| Edition number | 22 |
| Classification number | 658.8 |
| Item number | Em11 |
| 100 ## - MAIN ENTRY--PERSONAL NAME | |
| Personal name | Emam , Md. Shamanur |
| Relator term | Registration # 10-04011 |
| 245 ## - TITLE STATEMENT | |
| Title | Internship report on general banking and customer satisfaction of Agrani Bank Limited / |
| Remainder of title | MS thesis |
| Statement of responsibility, etc. | Emam , Md. Shamanur |
| 260 ## - PUBLICATION, DISTRIBUTION, ETC. (IMPRINT) | |
| Place of publication, distribution, etc. | Sher-e-Bangla Agricultural Uniersity : |
| Name of publisher, distributor, etc. | Department of Agribusiness & Marketing |
| Date of publication, distribution, etc. | 2016 |
| 300 ## - PHYSICAL DESCRIPTION | |
| Extent | vii, 47 p. : |
| Other physical details | ill. ; |
| Dimensions | 30 cm. |
| 500 ## - GENERAL NOTE | |
| General note | MS thesis, Department of Agribusiness and marketing, Faculty of Agribusiness Management , Sher-e-Bangla Agricultural University, Dhaka, Bangladesh |
| 504 ## - BIBLIOGRAPHY, ETC. NOTE | |
| Bibliography, etc | Includes Bibliography. |
| 590 ## - Name of Cataloguer | |
| Name of Cataloger | Shofi |
| 650 ## - SUBJECT ADDED ENTRY--TOPICAL TERM | |
| Topical term or geographic name as entry element | Marketing |
| 650 ## - SUBJECT ADDED ENTRY--TOPICAL TERM | |
| Topical term or geographic name as entry element | General banking and customer satisfaction |
| 650 ## - SUBJECT ADDED ENTRY--TOPICAL TERM | |
| Topical term or geographic name as entry element | Agrani Bank Limited |
| 700 ## - ADDED ENTRY--PERSONAL NAME | |
| Personal name | Saha , Sajeeb |
| Relator term | Supervisor |
| 856 ## - ELECTRONIC LOCATION AND ACCESS | |
| Uniform Resource Identifier | <a href=" http://archive.saulibrary.edu.bd:8080/xmlui/handle/123456789/1897 "> http://archive.saulibrary.edu.bd:8080/xmlui/handle/123456789/1897 </a> |
| Link text | Online Access |
| 942 ## - ADDED ENTRY ELEMENTS (KOHA) | |
| Source of classification or shelving scheme | Dewey Decimal Classification |
| Koha item type | MS Level Thesis |
| Withdrawn status | Lost status | Source of classification or shelving scheme | Damaged status | Not for loan | Collection code | Home library | Branch Name | Date acquired | Total Checkouts | Full call number | Barcode | Date last seen | Price effective from | Koha item type |
|---|---|---|---|---|---|---|---|---|---|---|---|---|---|---|
| Dewey Decimal Classification | Not For Loan | Reference | SAU Library | SAU Library | 23/10/2017 | 658.8 Em11 | 40382 | 31/10/2017 | 31/10/2017 | MS Level Thesis |
